000 00661cam a2200169 4500
001 WS114085
008 010813n 000 0 eng u
035 _a(Sirsi) u114085
245 _aTeamwork
520 _aWeb site for this educational initiative established to develop a working model for building procurement. Includes details of this project, news stories, and an outline of the project and its objectives.
650 _aProcurement-old
650 _aEGAN REFORMS
650 _aDEMONSTRATION PROJECTS
690 _aProcurement
_96260
856 4 0 _uhttps://www.team-work.org.uk
_zView the website free of charge at www.team-work.org.uk...
942 _n0
999 _c119817
_d119817